000 00641nam a2200229Ia 4500
001 9832
003 GE_BSU
008 181216s||||||||xx |||||||||||||| ||und||
040 _cGE_BSU
080 _a821.353.1–1
100 _aმრევლიშვილი,მაყვალა
245 _aგულისა
245 _bლექსები
245 _cრედ.რ.მარგიანი
260 _aთბილისი
260 _bსაბჭ.მწერალი
260 _c1961
300 _a74გვ;ილ.16სმ.
653 _aგულისა
653 _aლექსები
942 _cBK
999 _c43111
_d43111